000 01454cab a2200181 4500
001 ABS37845
008 090401t1987 xxu||||| |||| 00| 0 eng d
035 _a(Sirsi) u7100
041 _aeng
245 _aCoastplace Ltd v Hartley and Another
260 _c1987
350 _a0
490 _aWeekly Law Reports
_v(1987) WLR 128901299(10)
520 _aQBD 3 February 1987 The plaintiffs brought an action against the defendants to enforce their covenants to pay on demand the rent payable but not paid by Larchwood Properties Ltd, as assignee of the lease . The landlords granted a licence for a lease to be assigned to the present tenant and under its terms the defendants covenanted to pay the landlords on demand any rent outstanding. "Landlord" was defined as including any person entitled to the reversion immediately expectant on the determination of the lease. The reversion was subsequently assigned to the plaintiffs, but without expressly assigning the benefit of the covenants entered into by the defendants. The tenant defaulted on the payment of the rent and the plaintiffs demanded that sum from the defendants and brought proceedings to recover the moneys outstanding. On the preliminary issue of whether the plaintiffs were entitled to the benefit of the covenants, QBD held that, although the covenants were not covenants of indemnit
690 _aLANDLORD AND TENANT-CASE LAW-BUSINESS TENANCIES
942 _n0
948 _c04/03/1997
999 _c4239
_d4239